Aplikácia zhlukovej analýzy na vybrané ukazovatele TUR

Zhluková analýza. Vybrané ukazovatele trvalo udržateľného rozvoja. Aplikácia zhlukovej analýzy na vybrané ukazovatele trvalo udržateľného rozvoja 19 krajín Európskej únie.

Gespeichert in:
Bibliographische Detailangaben
1. Verfasser: Ilavská, Zuzana
Format: Buchkapitel
Sprache:Slowakisch
Schlagworte:
Tags: Tag hinzufügen
Keine Tags, Fügen Sie das erste Tag hinzu!

MARC

LEADER 00000nla$a2200000$$$4500
001 0114446
005 20240502072257.3
041 0 |a slo 
044 |a SK 
245 1 0 |a Aplikácia zhlukovej analýzy na vybrané ukazovatele TUR  |c Zuzana Ilavská 
520 |a Zhluková analýza. Vybrané ukazovatele trvalo udržateľného rozvoja. Aplikácia zhlukovej analýzy na vybrané ukazovatele trvalo udržateľného rozvoja 19 krajín Európskej únie. 
610 2 0 |a analýza zhluková 
610 2 0 |a rozvoj trvalo udržateľný 
610 2 0 |a ukazovatele ekonomické 
610 2 0 |a Európska únia 
100 1 |a Ilavská, Zuzana